Top 20 reprezentacji w siatkówce kobiet - Statystyki

Ogólne statystyki
  • Ten quiz został rozwiązany 66 razy
  • Średni wynik to 16 z 20
Statystyki odpowiedzi
Miejsce Odpowiedz % Poprawnych
4. Polska
100%
2. Brazylia
98%
1. Włochy
98%
13. Francja
97%
7. Stany Zjednoczone
93%
5. Japonia
92%
10. Niemcy
90%
6. Chiny
85%
9. Serbia
83%
3. Turcja
83%
15. Czechy
78%
8. Holandia
76%
16. Ukraina
75%
17. Argentyna
73%
14. Belgia
73%
12. Kanada
71%
20. Słowenia
66%
11. Dominikana
63%
18. Tajlandia
53%
19. Meksyk
51%
Nie znaleziono quizów pasujących do podanych kryteriów
Rozkład punktacji
Procent ludzi z każdym wynikiem
Percentyl według liczby udzielonych odpowiedzi
Twoja historia wyników
Nie rozwiązałeś tego quizu